000 00436nam a2200181Ia 4500
001 19974
005 20260306172732.0
008 260306t2010||||xx |||||||||||||| ||spa||
041 _aESP
082 _a342.01
_bB137
100 _aBesson, Samantha
_eAUT
245 4 _aThe philosophy of international law
260 _c2010
300 _axiv, 611 páginas :
_c24 cm.
650 _aGEN
654 _aCDE
942 _cLIB
_dJUS
_fJUS
_2ddc
_n
999 _c19974
_d19974